Skoki Narciarskie - Mistrzowie Olimpijscy (XXI wiek) - Statystyki

Ogólne statystyki
  • Ten quiz został rozwiązany 3 171 razy
    2 273 od ostatniego zresetowania
  • Średni wynik to 9 z 12
Statystyki odpowiedzi
Rok Skoczek % Poprawnych
2014 (LH) Kamil Stoch
93%
2018 (LH) Kamil Stoch
93%
2014 (NH) Kamil Stoch
92%
2002 (NH) Simon Ammann
83%
2018 (NH) Andreas Wellinger
82%
2022 (NH) Ryoyu Kobayashi
81%
2002 (LH) Simon Ammann
81%
2010 (NH) Simon Ammann
78%
2010 (LH) Simon Ammann
78%
2022 (LH) Marius Lindvik
71%
2006 (LH) Thomas Morgenstern
53%
2006 (NH) Lars Bystoel
36%
Nie znaleziono quizów pasujących do podanych kryteriów
Rozkład punktacji
Procent ludzi z każdym wynikiem
Percentyl według liczby udzielonych odpowiedzi
Twoja historia wyników
Nie rozwiązałeś tego quizu od ostatniego zresetowania